000
00250nam a22000857a 4500
999
_c
516325
_d
516325
100
_a
Jain, L. C.
_9
22818
245
_a
Development initiatives of the people by the people, Vol. 2
_c
L. C. Jain
260
_a
New Delhi
_b
ActionAid India
_c
2006
300
_a
80p.